01008njm a2200241 a 450000500170000000800410001702000180005804000350007604100080011108200200011910000280013924501210016725000120028826400450030030000610034533600270040633700330043333800280046649000830049450000610057760000690063865000590070720220317002005.0200115s2019 ck 000 0 spa d a9789587471434 aCO-BoRNBPbspaerdacCO-BoRNBP0 aspa04a923.6861 bS14d1 aDrezner, Manueleautor  0aPolicarpa Salavarrietab una historia contada cManuel Drezner ; dirección y narración Víctor Muñoz Valencia a1a. ed. 1aBogotá b Fonolibros de Colombiac2019 a1 disco compacto (37 minutos) b sonoro digital c 13 cm 2rdacontentatextobtxt 2rdamediaasin mediaciónbn 2rdacarrieravolumenbnc0 aPlan Nacional de Lectura y Escritura Leer es mi cuento / Ministerio de Cultura aRecomendado para un público infantil mayor de 9 años14aSalavarrieta, Policarpad1795-1817 vBiografías vAudiolibros17aMujeres en Colombia 2LEMBvBiografías vAudiolibros